00615 2200265 4500001002100000005001500021035002000036008004100056245004900097100001800146250000600164260003500170300001200205084001400217082000800231650001400239990001200253990001200265990001200277990001200289990001200301990001200313990001200325990001200337INLIS00000000000128720240516123851 a0010-0524000522240516 0 ind 1 aTerpesona Di Sidratulmuntaha /cAgus Mustofa aMustofa, Agus a1 aSurabaya :bPadma Press,c2004 a294 hlm a200 AGU t a200 4aNon Fiksi a0744170 a0744171 a0744172 a0744173 a0744174 a0744175 a0744176 a0744177